[Event "Benidorm FEDC op 22th"]
[Site "Benidorm"]
[Date "2019.06.13"]
[Round "5"]
[White "Arcas Rodriguez, Jordi"]
[Black "Escudero Ocana, Francisco"]
[Result "1-0"]
[WhiteElo "1565"]
[BlackElo "1414"]
[PlyCount "91"]
[EventDate "2019.06.09"]
[EventType "swiss"]
[EventRounds "7"]
[EventCountry "ESP"]
[SourceTitle "EXT 2024"]
[Source "ChessBase"]
[SourceDate "2023.10.10"]
[SourceVersion "1"]
[SourceVersionDate "2023.10.10"]
[SourceQuality "1"]

1. d4 d5 2. Bf4 Nf6 3. e3 e6 4. Nd2 c5 5. c3 Nc6 6. Bb5 Bd7 7. Ngf3 h6 8. h3 cxd4 9. exd4 a6 10. Bd3 Rc8 11. 0-0 Be7 12. Ne5 0-0 13. Qf3 Nxe5 14. dxe5 Nh7 15. Qg3 Bg5 16. Bxh7+ Kxh7 17. Bxg5 hxg5 18. Nf3 f6 19. exf6 gxf6 20. h4 Rg8 21. hxg5 fxg5 22. Qh3+ Kg7 23. Rfe1 Qe7 24. Nd4 Kf7 25. Qh5+ Kf8 26. Qh6+ Kf7 27. Re3 Qd6 28. Qh7+ Rg7 29. Rf3+ Qf4 30. Rxf4+ gxf4 31. Qh5+ Ke7 32. Qh4+ Kd6 33. Qxf4+ Ke7 34. Re1 Rf7 35. Qg5+ Kd6 36. f4 Rcf8 37. Qe5+ Kc5 38. Qc7+ Bc6 39. Qa5+ Kd6 40. Rxe6+ Kd7 41. f5 Kc8 42. Nxc6 bxc6 43. Qxa6+ Kd8 44. Qa8+ Kd7 45. Qxc6+ Kd8 46. Rd6+ 1-0

[Event "Igualada op 14th"]
[Site "Igualada"]
[Date "2019.02.16"]
[Round "6"]
[White "Arcas Rodriguez, Jordi"]
[Black "Pinyol I Llora, Julia"]
[Result "1-0"]
[WhiteElo "1602"]
[BlackElo "1267"]
[PlyCount "85"]
[EventDate "2019.01.12"]
[EventType "swiss"]
[EventRounds "8"]
[EventCountry "ESP"]
[SourceTitle "CBM 189 Extra"]
[Source "ChessBase"]
[SourceDate "2019.06.03"]
[SourceVersion "1"]
[SourceVersionDate "2019.06.03"]
[SourceQuality "1"]

1. d4 d5 2. Bf4 Nf6 3. e3 e6 4. Nf3 c5 5. c3 Nc6 6. Nbd2 Bd6 7. Bg3 0-0 8. Bd3 b6 9. 0-0 Bb7 10. Ne5 Ne7 11. f4 Nf5 12. Qf3 Nxg3 13. Qxg3 Rc8 14. Qh3 c4 15. Bc2 b5 16. Ndf3 h6 17. g4 Ne4 18. g5 Kh7 19. gxh6 gxh6 20. Ng4 Rh8 21. Bxe4+ dxe4 22. Qxh6+ Kg8 23. Nf6+ Qxf6 24. Qxf6 exf3 25. Rf2 Be4 26. Kh1 Rh3 27. Rg1+ Bg6 28. Rxg6+ fxg6 29. Qxg6+ Kf8 30. Qf6+ Kg8 31. Qxe6+ Kg7 32. Qxh3 Rh8 33. Qd7+ Kg8 34. Qxd6 Rh7 35. Rxf3 Rg7 36. Rg3 Rxg3 37. hxg3 b4 38. Qe7 bxc3 39. bxc3 a5 40. d5 a4 41. d6 a3 42. d7 Kh8 43. d8Q# 1-0

[Event "Sabadell Coral Colon op 12th"]
[Site "Sabadell"]
[Date "2018.03.16"]
[Round "6"]
[White "Arcas Rodriguez, Jordi"]
[Black "Bazan Ramos, Antoni"]
[Result "1-0"]
[WhiteElo "1637"]
[BlackElo "1506"]
[PlyCount "103"]
[EventDate "2018.02.09"]
[EventType "swiss"]
[EventRounds "9"]
[EventCountry "ESP"]
[SourceTitle "EXT 2019"]
[Source "ChessBase"]
[SourceDate "2018.10.10"]
[SourceVersion "1"]
[SourceVersionDate "2018.10.10"]
[SourceQuality "1"]

1. d4 d5 2. c4 dxc4 3. Nc3 e6 4. e3 Bb4 5. Bxc4 Nf6 6. Bd2 c5 7. dxc5 Bxc5 8. Nf3 Nc6 9. 0-0 0-0 10. a3 a6 11. Qc2 h6 12. Rad1 Qc7 13. Ba2 Ne5 14. Nxe5 Qxe5 15. Bb1 Bd7 16. b4 Bb6 17. Ne4 Qxe4 18. Qxe4 Nxe4 19. Bxe4 Rab8 20. Bc3 Bb5 21. Rfe1 Bc7 22. Rd2 Rfc8 23. Rc1 b6 24. Bb2 Bd8 25. Rxc8 Rxc8 26. f3 Be7 27. Kf2 Rd8 28. Ke1 g6 29. Rxd8+ Bxd8 30. Kd2 f5 31. Bd3 Bxd3 32. Kxd3 b5 33. Bd4 Kf7 34. e4 Bg5 35. Bb2 h5 36. Kd4 Bf6+ 37. e5 Be7 38. Kd3 Bd8 39. Bd4 g5 40. h3 Ke7 41. g4 hxg4 42. hxg4 f4 43. Bc5+ Kd7 44. Bf8 Kc6 45. Bg7 Kd7 46. Bf6 Be7 47. Kd4 Bxf6 48. exf6 Kd6 49. Ke4 e5 50. f7 Ke7 51. f8Q+ Kxf8 52. Kxe5 1-0

[Event "Sabadell Coral Colon op 12th"]
[Site "Sabadell"]
[Date "2018.02.16"]
[Round "2"]
[White "Arcas Rodriguez, Jordi"]
[Black "Bernal Soler, Miquel"]
[Result "1-0"]
[WhiteElo "1637"]
[BlackElo "1700"]
[PlyCount "81"]
[EventDate "2018.02.09"]
[EventType "swiss"]
[EventRounds "9"]
[EventCountry "ESP"]
[SourceTitle "EXT 2019"]
[Source "ChessBase"]
[SourceDate "2018.10.10"]
[SourceVersion "1"]
[SourceVersionDate "2018.10.10"]
[SourceQuality "1"]

1. d4 d5 2. c4 c6 3. e3 Nf6 4. Nc3 Bf5 5. Nf3 e6 6. Bd3 g6 7. Bxf5 exf5 8. cxd5 cxd5 9. 0-0 Bg7 10. Bd2 0-0 11. Rc1 Ne4 12. Qb3 Nxd2 13. Nxd2 Nc6 14. Qxd5 Qxd5 15. Nxd5 Rad8 16. Nc3 Nb4 17. a3 Nd3 18. Rcd1 a6 19. Rb1 f4 20. Nf3 fxe3 21. fxe3 Nxb2 22. Rxb2 b5 23. Rc1 Rfe8 24. Kf2 h5 25. Nd1 Re7 26. Rc6 Ra8 27. Rbc2 Kh7 28. Rc7 Rae8 29. Rxe7 Rxe7 30. Rc6 Ra7 31. Ng5+ Kh6 32. Ne4 Bf8 33. Nc5 a5 34. Ke2 Bxc5 35. Rxc5 Rb7 36. Nc3 b4 37. axb4 axb4 38. Rb5 Rxb5 39. Nxb5 f5 40. Kd3 Kg5 41. Kc4 1-0

[Event "Sabadell Coral Colon op 12th"]
[Site "Sabadell"]
[Date "2018.02.09"]
[Round "1"]
[White "Cano Sevila, Ivan"]
[Black "Arcas Rodriguez, Jordi"]
[Result "1-0"]
[WhiteElo "1977"]
[BlackElo "1637"]
[PlyCount "97"]
[EventDate "2018.02.09"]
[EventType "swiss"]
[EventRounds "9"]
[EventCountry "ESP"]
[SourceTitle "EXT 2019"]
[Source "ChessBase"]
[SourceDate "2018.10.10"]
[SourceVersion "1"]
[SourceVersionDate "2018.10.10"]
[SourceQuality "1"]

1. d4 Nf6 2. Bf4 d6 3. Nc3 Bf5 4. f3 d5 5. g4 Bg6 6. h4 h6 7. e3 e6 8. Bd3 Bxd3 9. Qxd3 Nc6 10. 0-0-0 Bd6 11. Bxd6 Qxd6 12. Nge2 0-0-0 13. Na4 Nd7 14. e4 Kb8 15. Kb1 Qb4 16. Nec3 dxe4 17. fxe4 Nde5 18. Qb5 Qxb5 19. Nxb5 Nxg4 20. Rhg1 h5 21. c3 g6 22. Rdf1 f5 23. Nc5 Rde8 24. Rg3 b6 25. Na6+ Kb7 26. Naxc7 Re7 27. d5 exd5 28. exd5 Nd8 29. d6 Rd7 30. Re1 Nc6 31. Ne6 a6 32. Na3 Rxd6 33. Nc4 Rd7 34. Nf4 Rg8 35. Re6 b5 36. Nd6+ Kc7 37. Ne8+ Kb7 38. Nf6 Nxf6 39. Rxf6 Ne5 40. Rxf5 gxf5 41. Rxg8 Nf3 42. Nxh5 Nxh4 43. Kc2 Kc6 44. Nf4 Nf3 45. Nd3 Kb6 46. Rg3 Nh4 47. Rh3 Ng6 48. Rh6 Rd6 49. Nf4 1-0

[Event "Igualada op 12th"]
[Site "Igualada"]
[Date "2017.01.21"]
[Round "2"]
[White "Martinez Ferrer, Albert"]
[Black "Arcas Rodriguez, Jordi"]
[Result "1-0"]
[WhiteElo "1835"]
[BlackElo "1613"]
[PlyCount "65"]
[EventDate "2017.01.14"]
[EventType "swiss"]
[EventRounds "8"]
[EventCountry "ESP"]
[SourceTitle "EXT 2018"]
[Source "ChessBase"]
[SourceDate "2017.10.13"]
[SourceVersion "1"]
[SourceVersionDate "2017.10.13"]
[SourceQuality "1"]

1. d4 Nf6 2. Nf3 e6 3. Bf4 d5 4. e3 Nbd7 5. Bd3 Be7 6. Nbd2 0-0 7. 0-0 h6 8. c3 c6 9. Ne5 Nxe5 10. Bxe5 Nd7 11. Qg4 Nxe5 12. dxe5 Bd7 13. f4 f5 14. Qh3 Be8 15. g4 Bg6 16. gxf5 Bxf5 17. Bxf5 exf5 18. Rf3 Bh4 19. Kh1 Kh7 20. Rg1 Qe7 21. Qg2 Qf7 22. Rh3 Be7 23. Nf3 Rg8 24. Rg3 Bf8 25. Rg6 Re8 26. Qh3 Qxg6 27. Rxg6 Kxg6 28. Nh4+ Kh7 29. Qxf5+ g6 30. Qf7+ Bg7 31. Qxg6+ Kh8 32. Nf5 Ref8 33. Nxh6 1-0

[Event "Igualada op 12th"]
[Site "Igualada"]
[Date "2017.01.14"]
[Round "1"]
[White "Arcas Rodriguez, Jordi"]
[Black "Granados Tello, Roman"]
[Result "1-0"]
[WhiteElo "1613"]
[BlackElo "1916"]
[PlyCount "68"]
[EventDate "2017.01.14"]
[EventType "swiss"]
[EventRounds "8"]
[EventCountry "ESP"]
[SourceTitle "EXT 2018"]
[Source "ChessBase"]
[SourceDate "2017.10.13"]
[SourceVersion "1"]
[SourceVersionDate "2017.10.13"]
[SourceQuality "1"]

1. d4 c5 2. d5 e5 3. dxe6 fxe6 4. e4 Nc6 5. Nc3 Nf6 6. Nf3 d5 7. exd5 exd5 8. Bg5 d4 9. Bxf6 Qxf6 10. Ne4 Qg6 11. Qe2 Kd8 12. a3 Bg4 13. h3 Bxf3 14. Qxf3 Be7 15. Bd3 c4 16. Be2 Rf8 17. Qg4 Qf7 18. 0-0 Kc7 19. Ng5 Bxg5 20. Qxg5 Rae8 21. Qg3+ Kb6 22. Bf3 Re7 23. Bxc6 bxc6 24. Rfe1 Rfe8 25. Kf1 g6 26. Rxe7 Qxe7 27. Qf3 Qe4 28. Qxe4 Rxe4 29. f3 Re5 30. h4 Kc5 31. Re1 Kd5 32. Rxe5+ Kxe5 33. g3 a5 34. b3 d3 1-0

[Event "FEDC Cup Div/1 16th"]
[Site "Cambrils"]
[Date "2015.11.27"]
[Round "6.3"]
[White "Olivera Gutierrez, Albert"]
[Black "Arcas Rodriguez, Jordi"]
[Result "1-0"]
[WhiteElo "2057"]
[BlackElo "1634"]
[PlyCount "39"]
[EventDate "2015.11.22"]
[EventType "team-tourn"]
[EventRounds "7"]
[EventCountry "ESP"]
[SourceTitle "CBM 169 Extra"]
[Source "ChessBase"]
[SourceDate "2015.12.18"]
[SourceVersion "1"]
[SourceVersionDate "2015.12.18"]
[SourceQuality "1"]
[WhiteTeam "Tarragona"]
[BlackTeam "Barcelona II"]
[WhiteTeamCountry "ESP"]
[BlackTeamCountry "ESP"]

1. e4 c5 2. Nf3 d6 3. d4 cxd4 4. Nxd4 Nf6 5. Nc3 g6 6. f4 Bg7 7. e5 dxe5 8. fxe5 Nfd7 9. e6 Bxd4 10. Qxd4 Nf6 11. Bb5+ Nc6 12. exf7+ Kxf7 13. Bc4+ Be6 14. Bxe6+ Kxe6 15. Qc4+ Kd7 16. Bg5 Ke8 17. Rd1 Qc7 18. 0-0 Nd7 19. Qf7+ Kd8 20. Qf8+ 1-0

[Event "Benidorm Once Cup tt"]
[Site "Benidorm"]
[Date "2011.11.19"]
[Round "7.3"]
[White "Septien Lopez, Valeriano"]
[Black "Arcas Rodriguez, Jordi"]
[Result "1-0"]
[WhiteElo "1827"]
[BlackElo "1620"]
[PlyCount "57"]
[EventDate "2011.11.13"]
[EventType "team-tourn"]
[EventRounds "7"]
[EventCountry "ESP"]
[SourceTitle "CBM 145 Extra"]
[Source "ChessBase"]
[SourceDate "2012.01.03"]
[SourceVersion "1"]
[SourceVersionDate "2012.01.03"]
[SourceQuality "1"]
[WhiteTeam "Tenerife"]
[BlackTeam "Barcelona II"]
[WhiteTeamCountry "ESP"]
[BlackTeamCountry "ESP"]

1. e4 c5 2. Nc3 Nc6 3. f4 g6 4. Nf3 Bg7 5. Bc4 e6 6. 0-0 Nge7 7. Qe1 Nd4 8. Nxd4 Bxd4+ 9. Kh1 0-0 10. d3 d5 11. Bb3 b6 12. Ne2 Bg7 13. c3 dxe4 14. dxe4 Ba6 15. Bc2 Bd3 16. Bxd3 Qxd3 17. Ng3 Kh8 18. Be3 Rad8 19. Rf2 Bf6 20. f5 exf5 21. exf5 Nxf5 22. Nxf5 gxf5 23. Bh6 Rfe8 24. Qf1 Qxf1+ 25. Raxf1 Rd5 26. g4 Rde5 27. Rxf5 Re1 28. Rxf6 Rxf1+ 29. Rxf1 1-0

[Event "Salou op 14th"]
[Site "Salou"]
[Date "2011.06.21"]
[Round "3"]
[White "Delgado Lagares, Francisco Javier"]
[Black "Arcas Rodriguez, Jordi"]
[Result "1-0"]
[WhiteElo "1700"]
[BlackElo "1632"]
[PlyCount "35"]
[EventDate "2011.06.19"]
[EventType "swiss"]
[EventRounds "7"]
[EventCountry "ESP"]
[SourceTitle "CBM 143 Extra"]
[Source "ChessBase"]
[SourceDate "2011.08.29"]
[SourceVersion "1"]
[SourceVersionDate "2011.08.29"]
[SourceQuality "1"]

1. e4 c5 2. Nf3 d6 3. d4 cxd4 4. Nxd4 Nf6 5. Nc3 g6 6. Be2 Bg7 7. Be3 0-0 8. Qd2 Nc6 9. f4 Bd7 10. h3 Rc8 11. g4 Na5 12. f5 Nc4 13. Bxc4 Rxc4 14. fxg6 fxg6 15. Nb3 Kh8 16. 0-0-0 Rc7 17. Bxa7 b6 18. Bxb6 1-0

[Event "Salou op 14th"]
[Site "Salou"]
[Date "2011.06.20"]
[Round "2"]
[White "Arcas Rodriguez, Jordi"]
[Black "Lopez Perez, Angel Luis"]
[Result "1/2-1/2"]
[WhiteElo "1632"]
[BlackElo "1789"]
[PlyCount "52"]
[EventDate "2011.06.19"]
[EventType "swiss"]
[EventRounds "7"]
[EventCountry "ESP"]
[SourceTitle "CBM 143 Extra"]
[Source "ChessBase"]
[SourceDate "2011.08.29"]
[SourceVersion "1"]
[SourceVersionDate "2011.08.29"]
[SourceQuality "1"]

1. d4 d5 2. Nf3 e6 3. c4 Nf6 4. Bg5 Nbd7 5. e3 a6 6. Nc3 Be7 7. Bd3 dxc4 8. Bxc4 b5 9. Bd3 Bb7 10. 0-0 c5 11. dxc5 Nxc5 12. Be2 0-0 13. Qxd8 Raxd8 14. Rad1 h6 15. Bf4 Rxd1 16. Rxd1 Rd8 17. Rxd8+ Bxd8 18. Nd2 b4 19. Ncb1 Bd5 20. Bd6 Bb6 21. Nc4 Bxc4 22. Bxc4 a5 23. Bxc5 Bxc5 24. Nd2 Bb6 25. h3 Nd5 26. Bxd5 exd5 1/2-1/2